01173cam a2200313 a 4500001002300000003000700023005001700030007000700047008004100054010001700095040005900112020002500171020001800196035002000214050002400234070002300258072000900281082001200290100002300302245011400325260004700439300004700486504006800533650001300601700002600614700002300640856009600663856010000759biosphererealmof00wallCaSfIA20230525154559.0cr||||831128s1984 ilua b 001 0 eng  a 83020381  aDLCcDLCdAGLdOCLCQdBTCTAdYDXCPdOCLCGdAU@dCaSfIA a0673166031 :c$25.95 a9780673166036 a(OCoLC)1023040900aQH308.2b.W355 19840 aQH308.2.W355b1984 0aX3000 a5742191 aWallace, Robert A.10aBiosphere :h[electronic resource] bthe realm of life /cRobert A. Wallace, Jack L. King, Gerald P. Sanders. aGlenview, Ill. :bScott, Foresman,cc1984. a699, [42] p. :bill. (some col.) ;c28 cm. aIncludes bibliographical references (p. [723]-[724]) and index. 0aBiology.1 aKing, Jack L.,d1934-1 aSanders, Gerald P.41uhttp://www.archive.org/details/biosphererealmof00wallzFree eBook from the Internet Archive42uhttp://www.openlibrary.org/books/OL3177878MzAdditional information and access via Open Library